书目信息 |
| 题名: |
固体燃料化学
|
|
| 作者: | 格利果里耶夫 著 ;天津大学燃料化学教研室 译 | |
| 分册: | ||
| 出版信息: | 北京 冶金工业出版社 1959 |
|
| 页数: | 488页 | |
| 开本: | 26cm | |
| 丛书名: | ||
| 单 册: | ||
| 中图分类: | TQ517.3 | |
| 科图分类: | ||
| 主题词: | 燃料--种类 , 燃料--性质 | |
| 电子资源: | ||
| ISBN: | ||
| 000 | 00759nam0 2200217 450 | |
| 001 | 0639538481 | |
| 005 | 20060430111238.53 | |
| 010 | @dCNY3.20 | |
| 100 | @a20060430d1959 km y0chiy0120 ea | |
| 101 | 0 | @achi |
| 102 | @aCN@b110000 | |
| 200 | 1 | @a固体燃料化学@Agu ti ran liao hua xue@f(苏)Г·П·格利果里耶夫著@F(su)Г·П·ge li guo li ye fu zhu@g天津大学燃料化学教研室译@Gtian jin da xue ran liao hua xue jiao yan shi yi |
| 210 | @a北京@c冶金工业出版社@d1959 | |
| 215 | 1 | @a488页@d26cm |
| 606 | 0 | @a燃料@x种类 |
| 606 | 0 | @a燃料@x性质 |
| 690 | @aTQ517.3@v4 | |
| 701 | 0 | @a格利果里耶夫@Age li guo li ye fu@4著 |
| 712 | 0 | @a天津大学燃料化学教研室@Atian jin da xue ran liao hua xue jiao yan shi@4译 |
| 801 | 0 | @aCN@bPFT@c20060430 |
| 905 | @a10447@dTQ517.3@e2 | |
| 固体燃料化学/(苏)Г·П·格利果里耶夫著/天津大学燃料化学教研室译.-北京:冶金工业出版社,1959 |
| 488页;26cm |
| ISBN :CNY3.20 |
| ● |
| 相关链接 |
|
|
|
|
正题名:固体燃料化学
索取号:TQ517.3/2
 
预约/预借
| 序号 | 登录号 | 条形码 | 馆藏地/架位号 | 状态 | 备注 |
| 1 | 0017583 | 202306478 | 密集书库/ [索取号:TQ517.3/2] | 在馆 |